01000nam a22001817a 45000010005000000030006000050050017000110080041000280200018000690400029000870820008001161000015001242450065001392600036002043000048002405200440002886500090007288678FISKH20260203155021.0251010b cb ||||| |||| 00| 0 eng d a9781107638228 aFISKHbengcFISKHdFISKH a510 aLow, Emma  aCambridge primary Mathematics learner’s book 5 /cEmma Low aNew York : bCambridge, c2014. a127 pages : bcolor illustrations ; c28 cm aThis Learner’s Book is part of the Cambridge Primary Mathematics series and is aligned with the Cambridge Primary and Lower Secondary curriculum frameworks. It is designed to help students (around Grade/Stage 5) develop mathematical thinking, fluency, reasoning, and problem-solving skills. The book uses clear diagrams, worked examples, vocabulary support, investigations and projects, and progressively more challenging exercises. aMathematicsvLearner’s Textbook xCambridge Primary MathematicsyPrimary Education